Vplyv kozmetických látok na bariérové vlastnosti kože.

Guardado en:
Detalles Bibliográficos
Autor principal: Klimová, Lucia
Formato: Libro
Lenguaje:eslovaco
Publicado: Bratislava STU FCHPT 2012
Acceso en línea:Ver en el OPAC
Etiquetas: Agregar Etiqueta
Sin Etiquetas, Sea el primero en etiquetar este registro!

MARC

LEADER 00000nam a2200000 a 4500
005 20260127134014.0
008 120626 2012 xo 000 0 slo d
035 |a vtls010432319 
039 9 |a 201207120924  |b mschk03  |y 201206260923  |z mschk03 
040 |a STUSCHK1  |b slo  |c STUSCHK1  |e AACR2 
100 1 |a Klimová, Lucia 
245 1 |a Vplyv kozmetických látok na bariérové vlastnosti kože.  |c Lucia Klimová 
260 |a Bratislava  |b STU FCHPT  |c 2012 
300 |a 69 s.  |b il.  |c 30cm 
500 |a Obháj.: 5.6. 2012 
500 |a Študijný program: potraviny, hygiena, kozmetika 
500 |a Študijný odbor: 5.2.24 potravinárstvo 
500 |a Miesto vypracovania: Oddelenie potravinárskej technológie, FCHPT STU 
500 |a Evidenčné číslo: FCHPT-5457-40227 
500 |a Diplomová práca 
910 |a SCHK95 
999 |c 1950  |d 1950